000 00530nam a22001817a 4500
003 CEME
005 20210628202336.0
008 210120b xxu||||| |||| 00| 0 eng d
020 _a0-521-59373-5
040 _cceme
082 _a621.3845 VER
100 _aVerdu , Sergio
_959431
245 _aMultiuser detection
260 _aNEW YORK
_bCAMBRIDGE UNIVERSITY PRESS
_c1998
300 _aXXI, 451P
650 _aCODE DIVISION MULTIPLE ACCESS, DEMODULATION-ELECTRONICS, SPREAD SPECTRUM COMMUNICATIONS
_959432
942 _cBK
_2ddc
999 _c569418
_d569418